The Three little pigs [ 6 classic children's stories
| Format: | Book |
|---|---|
| Published: |
s.l :
Musicbank Limited ,
2002
|
| Subjects: |
MARC
| LEADER | 00000cam a2200000 7i4500 | ||
|---|---|---|---|
| 001 | 0000085648 | ||
| 005 | 20040707.0 | ||
| 090 | 0 | 0 | |a JF |b THR |
| 245 | 0 | 0 | |a The Three little pigs [ |h cd] : |b 6 classic children's stories |
| 260 | |a s.l : |b Musicbank Limited , |c 2002 | ||
| 300 | |a 1 CD (45 minutes) | ||
| 500 | |a Library has 1 copy | ||
| 650 | 0 | 0 | |a Children's stories, English(sound disc) |
| 999 | |a AV 09165 |b VIDEO COMPACT DISC |c PINJAMAN |e PERPUSTAKAAN KOMUNITI PETALING JAYA | ||